The Prental Epoch (Record no. 193734)
[ view plain ]
| 000 -LEADER | |
|---|---|
| fixed length control field | 00714 a2200157 4500 |
| 003 - CONTROL NUMBER IDENTIFIER | |
| control field | Nust |
| 005 - DATE AND TIME OF LATEST TRANSACTION | |
| control field | 20221220122117.0 |
| 040 ## - CATALOGING SOURCE | |
| Transcribing agency | Nust |
| 082 ## - DEWEY DECIMAL CLASSIFICATION NUMBER | |
| Classification number | 133.5, BAI |
| 100 ## - MAIN ENTRY--PERSONAL NAME | |
| Personal name | E.H.Bailey |
| 9 (RLIN) | 105353 |
| 245 ## - TITLE STATEMENT | |
| Title | The Prental Epoch |
| Statement of responsibility, etc. | E.H. Bailey |
| 260 ## - PUBLICATION, DISTRIBUTION, ETC. | |
| Place of publication, distribution, etc. | london |
| Name of publisher, distributor, etc. | W.Foulsham |
| Date of publication, distribution, etc. | 1916 |
| 300 ## - PHYSICAL DESCRIPTION | |
| Extent | ix,239,p.; |
| 505 ## - FORMATTED CONTENTS NOTE | |
| Formatted contents note | The Scientific Bais And Laws Of Epoch (Page-18), The Prenatal Epoch As A Factor In Rectification (Page-44), Some Astro Physiological Problems (Page-104), The Prenatal Epoch And Multiple Pregnancy (Page-122), The Epoch In Relation To Prenatal Affections (Page-148), The Prenatal Epoch As A Factor In Directing (Page-168), The Prenatal Epoch And Infant Mortality (Page-198). |
| 942 ## - ADDED ENTRY ELEMENTS (KOHA) | |
| Source of classification or shelving scheme | |
| Koha item type | Book |
| Withdrawn status | Lost status | Source of classification or shelving scheme | Damaged status | Not for loan | Permanent Location | Current Location | Shelving location | Date acquired | Full call number | Barcode | Date last seen | Price effective from | Koha item type | Public note |
|---|---|---|---|---|---|---|---|---|---|---|---|---|---|---|
| Military College of Signals (MCS) | Military College of Signals (MCS) | General Stacks | 12/12/2016 | 133.5,BAI | MCS30204 | 12/08/2016 | 12/12/2016 | Book | Almirah No.46, Shelf No.2 |
